000 00947nmc a2200361 a 4500
003 AR-BaBNM
005 20251128204552.0
008 015019s1994 ||||||||||||||000 | spa||
020 _a84-207-6149-4
040 _cAR-BaBNM
100 1 _aDelval, Juan
245 1 0 _aMoral, desarrollo y educación
260 _aMadrid
_bAnaya
_c1994
300 _a197 p.
_bcuadros
490 0 _aHacer reforma
500 _aReferencias: p. 190-195
600 1 4 _aPiaget, Jean
600 1 4 _aKohlberg, Lawrence
650 4 _aFILOSOFIA DE LA EDUCACION
650 4 _aVALORES MORALES
650 4 _aETICA
650 4 _aEDUCACION MORAL
650 4 _aPROBLEMAS MORALES
650 4 _aEDUCACION DEL HOMBRE
650 4 _aCONCIENCIA MORAL
650 4 _aCOMPORTAMIENTO
650 4 _aNATURALEZA HUMANA
650 4 _aPSICOLOGIA DEL NINO
700 1 _aEnesco, Ileane
800 1 _aGonzález Lucini, Fernando
_edirector
942 _cBK
998 _cEthel
999 _c7957
_d7957